000 00869cam a2200313 i 4500
001 1039323704004786
003 YEEZEN
005 20250711142348.0
008 250328s2024 ch 000 edchi d
020 _a9786263585539
_q(平裝)
040 _aNTU
_bchi
_erda
_cNTU
042 _anbic
066 _a$1
084 _a863.55
_2ncsclt
090 _a863.55
100 1 _a張西,
_d1992-
_4aut.
245 1 0 _a有時幸,有時傷
_c張西著
250 _a初版
260 _a台北市 :
_b三采文化發行
_c2024.12
264 1 _a[臺灣] :
_b[出版者不詳],
_c2024.12
264 2 _a台北市 :
_b三采文化發行
300 _a335面 ;
_c20公分
336 _a文字
_btxt
_2rdacontent.
337 _a無媒介
_bn
_2rdamedia.
338 _a成冊
_bnc
_2rdacarrier.
490 0 _a愛寫 ;
_v62.
650 7 _a散文.
_2lcstt.
942 _2ccl
_cBOOK
999 _c7655
_d7655